[Event "Maravilhosa-ch op"]
[Site "Maravilhosa"]
[Date "2016.01.24"]
[Round "5"]
[White "Da Silva, Claudio Oliveira"]
[Black "Leite, Claudio Henrique de"]
[Result "1-0"]
[WhiteElo "1852"]
[BlackElo "2036"]
[PlyCount "47"]
[EventDate "2016.01.22"]
[EventType "swiss"]
[EventRounds "6"]
[EventCountry "BRA"]
[SourceTitle "CBM 170 Extra"]
[Source "ChessBase"]
[SourceDate "2016.02.25"]
[SourceVersion "1"]
[SourceVersionDate "2016.02.25"]
[SourceQuality "1"]

1. d4 Nf6 2. c4 c5 3. e3 e6 4. Nc3 b6 5. Nf3 Bb7 6. g3 cxd4 7. exd4 d5 8. cxd5 Nxd5 9. Bb5+ Bc6 10. 0-0 Bxb5 11. Nxb5 a6 12. Nc3 Nc6 13. Bg5 Be7 14. Bxe7 Ndxe7 15. d5 exd5 16. Nd4 Nxd4 17. Qxd4 Ra7 18. Qxg7 Rg8 19. Qxh7 Qd6 20. Rfe1 Kf8 21. Rad1 Qf6 22. Qd3 Ng6 23. Qxd5 Nf4 24. Qd8+ 1-0

[Event "Maravilhosa-ch op"]
[Site "Maravilhosa"]
[Date "2016.01.23"]
[Round "4"]
[White "Leite, Claudio Henrique de"]
[Black "Gomes, Pedro Pessoa"]
[Result "1/2-1/2"]
[WhiteElo "2036"]
[BlackElo "1614"]
[PlyCount "55"]
[EventDate "2016.01.22"]
[EventType "swiss"]
[EventRounds "6"]
[EventCountry "BRA"]
[SourceTitle "CBM 170 Extra"]
[Source "ChessBase"]
[SourceDate "2016.02.25"]
[SourceVersion "1"]
[SourceVersionDate "2016.02.25"]
[SourceQuality "1"]

1. e4 c5 2. Nf3 d6 3. d4 cxd4 4. Nxd4 Nf6 5. Nc3 g6 6. Be3 Bg7 7. f3 0-0 8. Qd2 Nc6 9. g4 Bd7 10. h4 a6 11. h5 b5 12. hxg6 fxg6 13. Nxc6 Bxc6 14. Bh6 Rf7 15. Bxg7 Rxg7 16. 0-0-0 e6 17. Qxd6 Qe8 18. Be2 Rc8 19. Rh3 Rgc7 20. Rdh1 a5 21. Qf4 Qf7 22. e5 Nd5 23. Qxf7+ Rxf7 24. Bxb5 Nxc3 25. Bd3 Nxa2+ 26. Kb1 Bxf3 27. Rxf3 Nc3+ 28. bxc3 1/2-1/2